Kendrick Lamar Quiz - Statistics

General Stats
  • This quiz has been taken 5,896 times
  • The average score is 7 of 14
Answer Stats
Hint Answer % Correct
His full name Kendrick Lamar Duckworth
79%
For what record label did he sign to in 2004? Top Dawg Entertainment
77%
Good Kid, M.A.A.D City
76%
Section.80
74%
What was Kendrick's original rap name? K-Dot
71%
Names of the three other members of this group ScHoolboy Q
58%
Jay Rock
57%
Names of his three studio albums (O)verly (D)edicated
55%
Ab-Soul
53%
Name of the group he is associated with Black Hippy
49%
Both record labels he signed to in 2012 Aftermath
32%
Interscope Records
32%
What was his first mixtape called? Youngest Head Nigga In Charge
14%
In 2006 which west coast rapper did he tour with and open for? Game
9%
No matching quizzes found
Score Distribution
Percent of People with Each Score
Percentile by Number Answered
Your Score History
You have not taken this quiz